| 000 | 00992nam a22001817a 4500 | ||
|---|---|---|---|
| 003 | URS | ||
| 005 | 20251104143958.0 | ||
| 008 | 251104b |||||||| |||| 00| 0 eng d | ||
| 040 | _cURS | ||
| 100 |
_aAllcock, Thomas Tunstall _eAuthor |
||
| 245 |
_aThe Dipolomatic Presidency: _bAmerican Foreign Policy from FDR to George H. W. Bush / _cThomas Tunstall Allcock |
||
| 300 | _apages 318-319 P | ||
| 336 |
_2rdacontent _atext _btxt |
||
| 337 |
_2rdamedia _aunmediated _bn |
||
| 338 |
_2rdacarrier _avolume _bnc |
||
| 773 | 0 |
_07583 _993000 _oPIL-00323195.138.2 _tPolitical science quarterly: _x00323195 |
|
| 942 |
_2ddc _cCR |
||
| 999 |
_c88653 _d88650 |
||